Statistics for Ed Sheeran Songs

Click here to take the quiz!

General Stats

  • This quiz has been taken 351 times
  • The average score is 18 of 32

Answer Stats

Answer % Correct
The A Team
91%
Thinking Out Loud
81%
Sing
80%
Don't
77%
Lego House
75%
Give Me Love
73%
Photograph
71%
Drunk
65%
You Need Me, I Don't Need You
63%
I See Fire
62%
Small Bump
61%
Kiss Me
61%
Bloodstream
59%
Tenerife Sea
58%
One
56%
U.N.I.
55%
Afire Love
53%
Nina
52%
Grade 8
51%
I'm A Mess
50%
Little Bird
48%
The City
47%
The Man
44%
Wake Me Up
42%
Autumn Leaves
42%
Runaway
42%
This
41%
Even My Dad Does Sometimes
41%
Take It Back
40%
Gold Rush
39%
Shirtsleeves
38%
Sunburn
30%

Score Distribution

Percentile by Number Answered

Percent of People with Each Score

Your Score History

You have not taken this quiz